[Event "Medellin Experts 17th"]
[Site "Medellin"]
[Date "2010.08.08"]
[Round "8.15"]
[White "Corredor, Fabian"]
[Black "Munoz Monroy, Cinthya Carolina"]
[Result "1-0"]
[WhiteElo "1891"]
[BlackElo "1859"]
[PlyCount "23"]
[EventDate "2010.08.04"]
[EventType "swiss"]
[EventRounds "9"]
[EventCountry "COL"]
[SourceTitle "EXT 2024"]
[Source "ChessBase"]
[SourceDate "2023.10.10"]
[SourceVersion "1"]
[SourceVersionDate "2023.10.10"]
[SourceQuality "1"]

1. e4 e5 2. Bc4 Nf6 3. d3 d5 4. exd5 Nxd5 5. Nf3 Nc6 6. 0-0 Bc5 7. Nxe5 Nxe5 8. Re1 Ne7 9. Rxe5 Qd4 10. Qe1 0-0 11. c3 Qg4 12. Rxc5 1-0

[Event "Medellin Experts 17th"]
[Site "Medellin"]
[Date "2010.08.07"]
[Round "7.15"]
[White "Ferreira Morales, Jorge Luis"]
[Black "Corredor, Fabian"]
[Result "1/2-1/2"]
[WhiteElo "1812"]
[BlackElo "1891"]
[PlyCount "92"]
[EventDate "2010.08.04"]
[EventType "swiss"]
[EventRounds "9"]
[EventCountry "COL"]
[SourceTitle "EXT 2024"]
[Source "ChessBase"]
[SourceDate "2023.10.10"]
[SourceVersion "1"]
[SourceVersionDate "2023.10.10"]
[SourceQuality "1"]

1. e4 c5 2. Nf3 Nc6 3. d4 cxd4 4. Nxd4 g6 5. c4 Bg7 6. Be3 Nf6 7. Nc3 0-0 8. h3 Qa5 9. Nb3 Qe5 10. Bd3 Nb4 11. 0-0 Nxd3 12. Qxd3 b6 13. f4 Qc7 14. e5 Ne8 15. Nd5 Qd8 16. c5 Bb7 17. cxb6 Bxd5 18. Qxd5 axb6 19. Kh1 Rb8 20. Rfd1 d6 21. Qb5 Qc8 22. Nd4 Qc5 23. Qd7 dxe5 24. Nf5 Qc2 25. Nxe7+ Kh8 26. Nc6 Nf6 27. Qd6 Ne4 28. Qd5 Nf6 29. Qb5 Rbc8 30. Nxe5 Qe4 31. Qb3 Nh5 32. Rd4 Qb7 33. Rd7 Qe4 34. Nxf7+ Rxf7 35. Rxf7 Rc2 36. Qxc2 Qxc2 37. Rc1 Ng3+ 38. Kh2 Nf1+ 39. Kg1 Nxe3 40. Rxc2 Nxc2 41. Rc7 Bd4+ 42. Kh2 Ne3 43. Rc1 Bxb2 44. Rc8+ Kg7 45. g4 Bd4 46. Rc7+ Kg8 1/2-1/2

[Event "COL-ch Amateur"]
[Site "Garzon"]
[Date "2009.11.16"]
[Round "6.5"]
[White "Corredor, Fabian"]
[Black "Ospina Bello, Jair"]
[Result "1-0"]
[WhiteElo "1878"]
[BlackElo "1785"]
[PlyCount "63"]
[EventDate "2009.11.14"]
[EventType "swiss"]
[EventRounds "7"]
[EventCountry "COL"]
[SourceTitle "EXT 2024"]
[Source "ChessBase"]
[SourceDate "2023.10.10"]
[SourceVersion "1"]
[SourceVersionDate "2023.10.10"]
[SourceQuality "1"]

1. e4 e6 2. d4 Be7 3. Bd3 d5 4. e5 a6 5. Nf3 b6 6. 0-0 c5 7. c3 Nc6 8. Re1 cxd4 9. Nxd4 Nxd4 10. cxd4 b5 11. a3 Bd7 12. Bd2 Qb6 13. Qg4 Bf8 14. Re3 a5 15. Rf3 Ra7 16. Qf4 Bc6 17. h4 g6 18. g4 Bh6 19. g5 Bf8 20. Be1 Bg7 21. Nd2 a4 22. Rc1 h6 23. Nb1 hxg5 24. hxg5 Rh7 25. Bb4 Rb7 26. Bf1 Qc7 27. Rfc3 Ne7 28. Bxe7 Qxe7 29. Rxc6 Rh5 30. Rc8+ Kd7 31. Bxb5+ Rxb5 32. R1c7# 1-0

[Event "Bogota Novatos U26"]
[Site "Bogota"]
[Date "2009.07.18"]
[Round "5.1"]
[White "Gil Farfan, Wilson Yesid"]
[Black "Corredor, Fabian"]
[Result "1/2-1/2"]
[WhiteElo "1607"]
[BlackElo "1851"]
[PlyCount "100"]
[EventDate "2009.07.16"]
[EventType "swiss"]
[EventRounds "7"]
[EventCountry "COL"]
[SourceTitle "EXT 2024"]
[Source "ChessBase"]
[SourceDate "2023.10.10"]
[SourceVersion "1"]
[SourceVersionDate "2023.10.10"]
[SourceQuality "1"]

1. e4 c5 2. Nf3 Nc6 3. Nc3 g6 4. Bc4 Bg7 5. 0-0 d6 6. d3 Nf6 7. Bg5 0-0 8. Re1 Re8 9. h3 a6 10. a4 Ne5 11. Nxe5 dxe5 12. Qd2 Qd6 13. Qe3 b6 14. Rad1 Be6 15. b3 Red8 16. a5 b5 17. Bxe6 Qxe6 18. Qxc5 Rac8 19. Qb4 Rd4 20. Qa3 Rxc3 21. Be3 Rd8 22. Re2 Rdc8 23. Qb2 Nd7 24. b4 Qc6 25. Bc5 Rxc5 26. bxc5 Nxc5 27. Qb4 Na4 28. c4 Bf8 29. cxb5 Qxb5 30. Qxb5 axb5 31. Rb1 Rb8 32. Rc2 e6 33. a6 b4 34. a7 Ra8 35. Rc7 Bc5 36. Rb7 Rxa7 37. Rxa7 Bxa7 38. Ra1 b3 39. Rxa4 b2 40. Rb4 Bd4 41. Kf1 Kf8 42. Rb7 Kg7 43. Ke2 Kf6 44. h4 h5 45. f3 Bc3 46. Kd1 Bd4 47. Ke2 g5 48. g3 Kg6 49. Kf1 Bc3 50. Ke2 Bd4 1/2-1/2